| 000 | 00482nam a22001697a 4500 | ||
|---|---|---|---|
| 005 | 20241031103846.0 | ||
| 008 | 241031b |||||||| |||| 00| 0 eng d | ||
| 020 | _a9788120318885 | ||
| 050 |
_aQA11 _b.P6 |
||
| 100 | _aPolya, G. | ||
| 245 |
_aHow to solve it/ _ba new aspect of mathematical method _cG. Polya |
||
| 250 | _a2nd Ed. | ||
| 260 |
_aNew Delhi _bPrentice Hall of India _c2005 |
||
| 300 |
_axxi.253pages _bill. _c21.5cm |
||
| 650 | _2Mathematics | ||
| 942 |
_2lcc _cBK _e2nd Ed. _n0 |
||
| 999 |
_c437 _d437 |
||